• 首页
  • 本馆介绍
  • 公告通知
  • 最新文献
  • 馆藏检索
  • 电子资源
  • 读者导购
  • 参考咨询
  • 我的图书馆
  • 登录
  • 详细信息显示
  • 放入我的书架
  • 预约/预借图书
  • 作者相关作品
  • 分类相关作品
  • 丛书相关作品
  • 出版社相关作品

书目信息

  • 表格格式
  • 工作单格式
  • 卡片格式
书名: Strategic marketing management
作者: Gordon R. Foxall.
分册号:
分册名:
出版地: London :
 
出版社: Croom Helm
出版时间: c1981.
页数: 273 p. :
开本: 22 cm.
丛书名:
中图分类号:
科图分类号:
其他分类号: F713.1
主题词:
电子资源:
000 00878nam 2200325 a 4500
001 E0729813744
005 20070228081808.28
020    @a0470272651 (Wiley).
090    @aF713.1
099    @dF713.1@ex1
100 1  @aFoxall, G. R.
245 10 @aStrategic marketing management / @cGordon R. Foxall.
260    @aLondon :@bCroom Helm ;@aNew York :@bWiley,@cc1981.
300    @a273 p. :@bill. ;@c22 cm.
500    @a"A Halsted Press book."
504    @aIncludes bibliographical references and index.
920    @a211010@bF713@cF835m @z1
920    @a261020@bF713.1@cF794s@z1
920    @a211180@z2
920    @a242010@z1
920    @a244050@z2
920    @a231220@z1
920    @a212010@z1
920    @a212020@z1
920    @a251050@z1
920    @a244010@z1
920    @a223010@z1
920    @a211040@z1
920    @a231030@bF713.5@cF794S@z1
998    @aPUL
    
    Strategic marketing management / / Gordon R. Foxall.-London : : Croom Helm ; ; New York : : Wiley, , c1981.
    273 p. : : ill. ; ; 22 cm.
    "A Halsted Press book.".-Includes bibliographical references and index.
    
    ISBN 0470272651 (Wiley).
    
●
相关链接 在E读中查询图书 在五车中查询图书 在当当中查询图书 在豆瓣中查询图书


正题名:Strategic marketing management     索取号:F713.1/x1         预约/预借

序号 登录号 条形码 馆藏地/架位号 状态 备注
1 181359   001166856   第四借阅区/ [索取号:F713.1/x1] 在馆    
2 181360   001166874   第四借阅区/ [索取号:F713.1/x1] 在馆    
3 181361   001166865   第四借阅区/ [索取号:F713.1/x1] 在馆    
唐山师范学院图书馆 欢迎您!
大连网信软件有限公司© 版权所有